000 00316nam a2200145 4500
008 190521s2006||||CZ d
245 1 0 _aInteligence
260 _aBratislava
_c2006
_bEugenika
250 _a1.vydanie
300 _a205s.
020 _a8089227422
_c0
041 1 _acze
044 _aCZ
958 _aAUL
999 _c22426
_d22426